Русские ученые-металловеды. Жизнь, деятельность и избранные труды

Dettagli Bibliografici
Altri autori: Нахимов Д. М. (редактор), Рахштадт А. Г.
Lingua:russo
Pubblicazione: Москва, Машгиз, 1951
Soggetti:
Natura: MixedMaterials Libro
KOHA link:https://koha.lib.tpu.ru/cgi-bin/koha/opac-detail.pl?biblionumber=194610

MARC

LEADER 00000nam0a2200000 4500
001 194610
005 20231101224551.0
035 |a (RuTPU)RU\TPU\book\212254 
090 |a 194610 
100 |a 20110419d1951 km y0rusy50 ca 
101 0 |a rus 
102 |a RU 
105 |a ac z 001zd 
200 1 |a Русские ученые-металловеды. Жизнь, деятельность и избранные труды  |f под ред. Д. М. Нахимова, А. Г. Рахштадта 
210 |a Москва  |c Машгиз  |d 1951 
215 |a 504 с.  |c ил. 
320 |a Библиография в конце статей 
600 1 |a Аносов  |b П. П.  |c русский металлург  |c открыл секрет получения булатной стали  |c с 1847 по 1851 был томским гражд. губернатором  |f 1797-1851  |g Павел Петрович  |2 stltpush  |3 (RuTPU)RU\TPU\pers\12115  |9 3179 
600 1 |a Калакуцкий  |b Н. В.  |c русский ученый  |c металлург  |f 1831-1889  |g Николай Вениаминович  |2 stltpush  |3 (RuTPU)RU\TPU\pers\18847  |9 7083 
600 1 |a Бабошин  |b А. Л.  |c российский ученый, металлург  |c основатель термической обработки стали  |f 1872-1938  |g Александр Львович  |2 stltpush  |3 (RuTPU)RU\TPU\pers\18851  |9 7087 
600 1 |a Окнов  |b М. Г.  |c российский учёный-металловед  |c исследователь в области теории закалки стали  |f 1878-1942  |g Михаил Григорьевич  |2 stltpush  |3 (RuTPU)RU\TPU\pers\18852  |9 7088 
600 1 |a Ржешотарский  |b А. А.  |c российский металлург и металловед  |c основатель металлографии  |f 1847-1904  |g Альфонс Александрович  |2 stltpush  |3 (RuTPU)RU\TPU\pers\18849  |9 7085 
606 |a Металловедение  |x Общие вопросы  |2 stltpush  |3 (RuTPU)RU\TPU\subj\42403  |9 62070 
610 1 |a металлурги 
610 1 |a металлургия 
610 1 |a ученые 
610 1 |a Россия 
610 1 |a история 
675 |a 669.017(092)  |v 3 
702 1 |a Нахимов  |b Д. М.  |4 340 
702 1 |a Рахштадт  |b А. Г.  |4 340 
801 1 |a RU  |b 63413507  |c 20110419 
801 2 |a RU  |b 63413507  |c 20171101  |g RCR 
942 |c BK